[Event "II Festival Santa Lucia-Gran Canaria 2014"]
[Site "C/Famara, 76-AA.VV. Ansite de Vecindario (Gran Can"]
[Date "2014.08.15"]
[Round "2"]
[Board "6"]
[White "Gonzalez Intelangelo, Gerardo"]
[Black "Suarez Ramirez, Jonay"]
[Result "1-0"]
[WhiteElo "2034"]
[BlackElo "1608"]
[PlyCount "23"]
[EventDate "2014.08.14"]
[EventRounds "9"]
[EventCountry "ESP"]

1. d4 Nf6 2. c4 c5 3. d5 b5 4. Nd2 Qa5 5. Qc2 g6 6. e4 d6 7. cxb5 a6 8. b6 Nbd7
9. Ne2 Nxb6 10. Nc3 Bd7 11. Nb3 Qb4 12. a3 1-0

[Event "II Festival Santa Lucia-Gran Canaria 2014"]
[Site "C/Famara, 76-AA.VV. Ansite de Vecindario (Gran Can"]
[Date "2014.08.15"]
[Round "2"]
[Board "7"]
[White "Gonzalez Acosta, Pablo"]
[Black "Sanchez Quintero, Raul"]
[Result "0-1"]
[WhiteElo "1605"]
[BlackElo "2028"]
[PlyCount "112"]
[EventDate "2014.08.14"]
[EventRounds "9"]
[EventCountry "ESP"]

1. d4 Nf6 2. Nf3 d5 3. e3 e6 4. Bd3 c5 5. c3 Be7 6. Nbd2 O-O 7. O-O b6 8. e4
dxe4 9. Nxe4 cxd4 10. Nxf6+ Bxf6 11. Be4 Ba6 12. Bxa8 Bxf1 13. Kxf1 dxc3 14.
Qxd8 Rxd8 15. bxc3 Bxc3 16. Rb1 Na6 17. Be4 Nc5 18. Bc2 h6 19. Ba3 Rc8 20. Rd1
g6 21. Bxc5 Rxc5 22. Bb3 a5 23. a4 b5 24. Rd8+ Kg7 25. Nd2 bxa4 26. Bxa4 Rc7
27. Rd7 Rxd7 28. Bxd7 Bxd2 29. Ke2 Bf4 30. h3 Kf6 31. Kd3 Ke7 32. Ba4 f5 33. f3
g5 34. g4 Kd6 35. Kc4 Ke5 36. Bd7 Bd2 37. Kd3 Bb4 38. Ke3 Bc5+ 39. Kd3 Kd6 40.
Ba4 Bb6 41. Kc4 Ke5 42. Bd7 Bd8 43. Kd3 Bf6 44. Kc4 Kf4 45. Bxe6 Kxf3 46. Bxf5
Kg3 47. Kd3 a4 48. Be6 Kxh3 49. Ke2 Kh4 50. Kf2 h5 51. gxh5 Kxh5 52. Kg3 Be5+
53. Kh3 a3 54. Bd5 g4+ 55. Kg2 Kg5 56. Kf2 Kf4 0-1

[Event "II Festival Santa Lucia-Gran Canaria 2014"]
[Site "C/Famara, 76-AA.VV. Ansite de Vecindario (Gran Can"]
[Date "2014.08.15"]
[Round "2"]
[Board "8"]
[White "Marrero Cardenes, Agustin"]
[Black "Sanchez Ramirez, Gustavo"]
[Result "1-0"]
[WhiteElo "2009"]
[BlackElo "1603"]
[PlyCount "41"]
[EventDate "2014.08.14"]
[EventRounds "9"]
[EventCountry "ESP"]

1. d4 d5 2. Nf3 Nf6 3. c4 Bf5 4. Nc3 e6 5. e3 c5 6. Be2 a6 7. dxc5 Bxc5 8. cxd5
exd5 9. O-O O-O 10. b3 Nc6 11. Bb2 d4 12. Na4 d3 13. Nxc5 dxe2 14. Qxe2 Qd5 15.
Rac1 Nb4 16. Rfd1 Qc6 17. Nd4 Bg4 18. f3 Nxa2 19. Nxc6 Nxc1 20. Ne7+ Kh8 21.
Rxc1 1-0

[Event "II Festival Santa Lucia-Gran Canaria 2014"]
[Site "C/Famara, 76-AA.VV. Ansite de Vecindario (Gran Can"]
[Date "2014.08.15"]
[Round "2"]
[Board "9"]
[White "Gonzalez Acosta, Francisco"]
[Black "Cruz Pino, Adrian"]
[Result "0-1"]
[WhiteElo "1567"]
[BlackElo "1977"]
[PlyCount "96"]
[EventDate "2014.08.14"]
[EventRounds "9"]
[EventCountry "ESP"]

1. c4 d6 2. Nc3 e5 3. g3 g6 4. Bg2 Bg7 5. d3 f5 6. e3 Nf6 7. Nge2 O-O 8. O-O c6
9. Rb1 Be6 10. a3 Qc7 11. b4 Nbd7 12. b5 Rfc8 13. Bb2 Bf7 14. Ba1 Bf8 15. a4 d5
16. bxc6 bxc6 17. cxd5 cxd5 18. Qd2 a6 19. Rfc1 Qa5 20. Qd1 Rab8 21. Rxb8 Rxb8
22. Rb1 Rc8 23. Rb7 Nc5 24. Rb1 Ncd7 25. Rb7 e4 26. dxe4 dxe4 27. Rxd7 Nxd7 28.
Qxd7 Qc7 29. Qxc7 Rxc7 30. Bf1 Bb4 31. Kg2 Rc5 32. Bb2 Bc4 33. Ba1 Bd3 34. Bb2
Kf7 35. Ba1 Ke8 36. Bb2 Kd7 37. Ba1 Kc7 38. Na2 Bd2 39. Nd4 Rc4 40. Nb3 Rxa4
41. Be5+ Kc8 42. Nxd2 Rxa2 43. Nb3 a5 44. Nc1 Rd2 45. Nb3 Rd1 46. Bxd3 exd3 47.
Kf3 a4 48. Na1 Rc1 0-1

[Event "II Festival Santa Lucia-Gran Canaria 2014"]
[Site "C/Famara, 76-AA.VV. Ansite de Vecindario (Gran Can"]
[Date "2014.08.15"]
[Round "2"]
[Board "10"]
[White "Rodriguez Mellado, Antonio"]
[Black "Guedes Lopez, Mario"]
[Result "1-0"]
[WhiteElo "1935"]
[BlackElo "1563"]
[PlyCount "33"]
[EventDate "2014.08.14"]
[EventRounds "9"]
[EventCountry "ESP"]

1. e4 g6 2. d4 Bg7 3. Nf3 d6 4. Bc4 Nf6 5. Nc3 O-O 6. Bg5 Nbd7 7. e5 Ne8 8. Nd5
f6 9. exf6 exf6 10. Nxf6+ Kh8 11. Nxh7 Nef6 12. Nxf8 Qxf8 13. O-O Nb6 14. Nh4
Kh7 15. Bd3 Bf5 16. Nxf5 gxf5 17. Bxf5+ 1-0

[Event "II Festival Santa Lucia-Gran Canaria 2014"]
[Site "C/Famara, 76-AA.VV. Ansite de Vecindario (Gran Can"]
[Date "2014.08.15"]
[Round "2"]
[Board "11"]
[White "Diaz Mendoza, Eladio"]
[Black "Mayor Gonzalez, Julio"]
[Result "0-1"]
[WhiteElo "1540"]
[BlackElo "1919"]
[PlyCount "122"]
[EventDate "2014.08.14"]
[EventRounds "9"]
[EventCountry "ESP"]

1. e4 d5 2. exd5 Nf6 3. c4 c6 4. dxc6 Nxc6 5. Nf3 e5 6. Be2 e4 7. Ng1 Bc5 8. d3
Qb6 9. Be3 Bxe3 10. fxe3 Qxe3 11. Qd2 Qxd2+ 12. Nxd2 exd3 13. Bxd3 O-O 14.
O-O-O Be6 15. Ngf3 Nb4 16. Bb1 Rac8 17. b3 Ng4 18. Rdf1 b5 19. a3 Nd5 20. Ng5
Ndf6 21. Nxe6 fxe6 22. Re1 Rfe8 23. h3 Nh6 24. g4 Nf7 25. Kb2 bxc4 26. Nxc4 e5
27. g5 Nxg5 28. Nd6 Rcd8 29. Nxe8 Rxe8 30. h4 Nf3 31. Re3 Nd4 32. Rhe1 Nd7 33.
Re4 Rf8 34. Bd3 g6 35. Rf1 Rxf1 36. Bxf1 Kf7 37. Bh3 Nc5 38. Re3 Kf6 39. b4
Na4+ 40. Ka2 Nb6 41. Rc3 e4 42. Rc7 e3 43. Rc1 Ke5 44. Re1 Ke4 45. Bg4 Nf3 46.
Rh1 e2 47. Bxf3+ Kxf3 48. Kb3 Kf2 49. a4 e1=Q 50. Rxe1 Kxe1 51. a5 Nd7 52. Kc4
h6 53. Kd5 g5 54. hxg5 hxg5 55. Ke4 Kd2 56. b5 Kc3 57. Kf5 Kc4 58. b6 Nxb6 59.
axb6 axb6 60. Kxg5 b5 61. Kf4 b4 0-1

[Event "II Festival Santa Lucia-Gran Canaria 2014"]
[Site "C/Famara, 76-AA.VV. Ansite de Vecindario (Gran Can"]
[Date "2014.08.15"]
[Round "2"]
[Board "12"]
[White "Martin Perez, Francisco Jose"]
[Black "Yingrui, Lin"]
[Result "0-1"]
[WhiteElo "1870"]
[BlackElo "1537"]
[PlyCount "26"]
[EventDate "2014.08.14"]
[EventRounds "9"]
[EventCountry "ESP"]

1. e4 e5 2. Nf3 Nc6 3. d4 exd4 4. Nxd4 Bc5 5. Nf5 Qf6 6. Nc3 Nge7 7. Ne3 d6 8.
Be2 O-O 9. O-O Be6 10. f4 Qh6 11. Kh1 f5 12. exf5 Nxf5 13. Ng4 Ng3# 0-1

[Event "II Festival Santa Lucia-Gran Canaria 2014"]
[Site "C/Famara, 76-AA.VV. Ansite de Vecindario (Gran Can"]
[Date "2014.08.15"]
[Round "2"]
[Board "13"]
[White "Cruz Ramirez, Nauzet"]
[Black "Hernandez Delgado, Christopher"]
[Result "0-1"]
[WhiteElo "1820"]
[BlackElo "1437"]
[PlyCount "100"]
[EventDate "2014.08.14"]
[EventRounds "9"]
[EventCountry "ESP"]

1. d4 d5 2. c4 c6 3. Nc3 e6 4. e4 dxe4 5. Nxe4 Nf6 6. Nxf6+ Qxf6 7. Nf3 Bb4+ 8.
Bd2 Bxd2+ 9. Qxd2 O-O 10. Be2 Rd8 11. Qc2 b6 12. O-O Bb7 13. Bd3 h6 14. Be4 Qf4
15. g3 Qc7 16. Qe2 Nd7 17. Rad1 Nf6 18. Bc2 c5 19. dxc5 Qxc5 20. Nh4 Ba6 21. b3
Bb7 22. Ng2 Qc7 23. f3 Rxd1 24. Rxd1 Rd8 25. Rxd8+ Qxd8 26. Kf2 Kf8 27. Qd3 Ke7
28. Nf4 Qc7 29. Qe3 Qc6 30. Ke2 Qd6 31. a4 Qc7 32. Nd3 Nd5 33. Qe5 Qxe5+ 34.
Nxe5 Nb4 35. Bd1 Nc6 36. Nxc6+ Bxc6 37. Kd3 Kd6 38. b4 a5 39. c5+ bxc5 40. bxa5
Bd5 41. Kc3 Kc7 42. f4 f6 43. Bb3 Kc6 44. Bc4 e5 45. fxe5 fxe5 46. a6 Bxc4 47.
Kxc4 e4 48. a5 Kc7 49. Kc3 Kb8 50. Kd2 c4 0-1

[Event "II Festival Santa Lucia-Gran Canaria 2014"]
[Site "C/Famara, 76-AA.VV. Ansite de Vecindario (Gran Can"]
[Date "2014.08.15"]
[Round "2"]
[Board "14"]
[White "Aleman Alamo, Nicolas"]
[Black "Ruiz Romero, Pedro"]
[Result "1-0"]
[WhiteElo "1518"]
[BlackElo "1802"]
[PlyCount "77"]
[EventDate "2014.08.14"]
[EventRounds "9"]
[EventCountry "ESP"]

1. d4 e6 2. c4 d5 3. Nc3 Nf6 4. Nf3 c6 5. Bg5 Be7 6. e3 b6 7. Be2 Bb7 8. cxd5
Nxd5 9. Bxe7 Qxe7 10. Nxd5 exd5 11. O-O O-O 12. a3 Nd7 13. Rc1 Rfe8 14. Bd3 a6
15. Re1 c5 16. Bb1 c4 17. Qc2 g6 18. Qc3 b5 19. Bc2 Qd6 20. Ra1 f5 21. g3 a5
22. h4 b4 23. Qd2 h5 24. Ba4 Rec8 25. Bxd7 c3 26. bxc3 bxc3 27. Qc2 Qxd7 28.
Reb1 Rab8 29. Rb6 Qe8 30. Ne5 Bc6 31. Rxb8 Rxb8 32. Qxc3 Ba4 33. Qxa5 Rb5 34.
Qa6 Kg7 35. Rc1 Kh6 36. Kg2 Rb2 37. Rc8 Rb1 38. Rxe8 Bxe8 39. Qa8 1-0

[Event "II Festival Santa Lucia-Gran Canaria 2014"]
[Site "C/Famara, 76-AA.VV. Ansite de Vecindario (Gran Can"]
[Date "2014.08.15"]
[Round "2"]
[Board "15"]
[White "Perdomo Suarez, Juan Manuel"]
[Black "Fuentes Perez, Noe"]
[Result "0-1"]
[WhiteElo "1295"]
[BlackElo "1518"]
[PlyCount "64"]
[EventDate "2014.08.14"]
[EventRounds "9"]
[EventCountry "ESP"]

1. e4 c5 2. Nf3 e6 3. d4 cxd4 4. Nxd4 Nf6 5. Nc3 d6 6. Be3 Be7 7. f3 a6 8. Qd2
b5 9. Bd3 Bb7 10. Nce2 Qc7 11. a4 e5 12. Nf5 bxa4 13. Nxe7 Qxe7 14. Rxa4 O-O
15. O-O Nc6 16. Rfa1 a5 17. Nc1 d5 18. Bg5 dxe4 19. Bxe4 Rfd8 20. Qe1 h6 21.
Bh4 g5 22. Bxc6 Bxc6 23. Rxa5 gxh4 24. Nd3 e4 25. Re5 exd3 26. Rxe7 d2 27. Qxh4
Rxa1+ 28. Kf2 d1=Q 29. Qxf6 Qxc2+ 30. Re2 Rd2 31. Rxd2 Qxd2+ 32. Kg3 Qg5+ 0-1

[Event "II Festival Santa Lucia-Gran Canaria 2014"]
[Site "C/Famara, 76-AA.VV. Ansite de Vecindario (Gran Can"]
[Date "2014.08.15"]
[Round "2"]
[Board "16"]
[White "Garcia Gonzalez, Emilio Angel"]
[Black "Hernandez Guerra, Luna Yue"]
[Result "1-0"]
[WhiteElo "2075"]
[BlackElo "1293"]
[PlyCount "103"]
[EventDate "2014.08.14"]
[EventRounds "9"]
[EventCountry "ESP"]

1. d4 e6 2. c4 f5 3. Nf3 Nf6 4. g3 c6 5. Bg2 d5 6. O-O Bd6 7. b3 Qe7 8. Bb2 O-O
9. Nbd2 Nbd7 10. Ne5 Ne4 11. e3 Ndf6 12. f3 Ng5 13. Qc2 Qc7 14. Rae1 Nf7 15. f4
Ne4 16. Ndf3 b6 17. Rc1 Ba6 18. Rfd1 Rac8 19. cxd5 cxd5 20. Qxc7 Rxc7 21. Rxc7
Bxc7 22. Rc1 Rc8 23. Nc6 Bd6 24. Nxa7 Rxc1+ 25. Bxc1 Nd8 26. Bf1 Bxf1 27. Kxf1
Nc3 28. a4 Nb7 29. Nc6 Na5 30. Nxa5 bxa5 31. Bd2 Bb4 32. Bxc3 Bxc3 33. Ng5 Bd2
34. Ke2 h6 35. Nxe6 Bb4 36. Nc7 Kf7 37. Nxd5 Bd6 38. Kd3 Ke6 39. Kc4 g5 40.
fxg5 hxg5 41. h4 Bxg3 42. hxg5 Bd6 43. Nf4+ Bxf4 44. exf4 Kd6 45. d5 Kd7 46.
Kc5 Kc7 47. g6 Kd7 48. g7 Kc7 49. g8=Q Kd7 50. Qf7+ Kc8 51. Kc6 Kd8 52. Qf8#
 1-0

[Event "II Festival Santa Lucia-Gran Canaria 2014"]
[Site "C/Famara, 76-AA.VV. Ansite de Vecindario (Gran Can"]
[Date "2014.08.15"]
[Round "2"]
[Board "17"]
[White "Sanabria Taskila, Jenny Maria"]
[Black "Garcia Matos, Maury"]
[Result "1/2-1/2"]
[WhiteElo "1272"]
[BlackElo "1864"]
[PlyCount "106"]
[EventDate "2014.08.14"]
[EventRounds "9"]
[EventCountry "ESP"]

1. e4 c6 2. d4 d5 3. exd5 cxd5 4. Bd3 Nf6 5. Nf3 Bg4 6. O-O e6 7. c3 Nc6 8. Bg5
Bd6 9. h3 Bh5 10. Nbd2 Rc8 11. Re1 O-O 12. Qc2 Nb4 13. Qb1 Nxd3 14. Qxd3 Bg6
15. Qe3 Be7 16. Ne5 Nd7 17. Bxe7 Qxe7 18. Ndf3 Nxe5 19. Nxe5 a6 20. Nxg6 hxg6
21. Qe5 b5 22. a3 Qc7 23. Qg5 a5 24. Re3 Qb6 25. Rg3 Qd8 26. Qg4 Qf6 27. Re1
Qf5 28. Qxf5 gxf5 29. h4 Rc6 30. h5 Kh7 31. Ra1 Rb8 32. Rf3 g6 33. g4 Kg7 34.
gxf5 gxf5 35. Rh3 Kh6 36. Kg2 Rg8+ 37. Kf3 Rg5 38. Rah1 b4 39. axb4 axb4 40.
cxb4 Rb6 41. Kf4 Rxb4 42. Ke5 Rxb2 43. f4 Re2+ 44. Kf6 Rg7 45. Ra1 Reg2 46. Ra8
Kh7 47. Rf8 Rg1 48. Rxf7 Rxf7+ 49. Kxf7 Re1 50. Rg3 Kh6 51. Rh3 Re4 52. Rh4 Re2
53. Kf6 Re4 1/2-1/2

[Event "II Festival Santa Lucia-Gran Canaria 2014"]
[Site "C/Famara, 76-AA.VV. Ansite de Vecindario (Gran Can"]
[Date "2014.08.15"]
[Round "3"]
[Board "1"]
[White "Cruz Pino, Adrian"]
[Black "Alvarado Diaz, Alejandro"]
[Result "0-1"]
[WhiteElo "1977"]
[BlackElo "2351"]
[PlyCount "64"]
[EventDate "2014.08.14"]
[EventRounds "9"]
[EventCountry "ESP"]

1. e4 c5 2. Nf3 Nc6 3. Bb5 Qb6 4. Nc3 e6 5. O-O Nge7 6. Re1 a6 7. Bf1 Ng6 8. b3
Be7 9. Bb2 O-O 10. g3 Qc7 11. Bg2 b5 12. a3 Bb7 13. d3 f5 14. e5 f4 15. Nb1
fxg3 16. hxg3 Rf5 17. Nbd2 Raf8 18. Re2 Nd8 19. Re3 Nc6 20. Re2 Qb8 21. a4 Nb4
22. Re4 Bxe4 23. Nxe4 Nc6 24. axb5 axb5 25. Ra2 Qb6 26. d4 Rxf3 27. Bxf3 cxd4
28. Bg2 Ngxe5 29. f4 Ng6 30. Nf2 e5 31. Bd5+ Kh8 32. fxe5 d3 0-1

[Event "II Festival Santa Lucia-Gran Canaria 2014"]
[Site "C/Famara, 76-AA.VV. Ansite de Vecindario (Gran Can"]
[Date "2014.08.15"]
[Round "3"]
[Board "2"]
[White "Brito Garcia, Alfredo"]
[Black "Rodriguez Mellado, Antonio"]
[Result "1-0"]
[WhiteElo "2332"]
[BlackElo "1935"]
[PlyCount "91"]
[EventDate "2014.08.14"]
[EventRounds "9"]
[EventCountry "ESP"]

1. d4 g6 2. g3 Nf6 3. Bg2 d5 4. c4 c6 5. Nf3 Bf5 6. Nc3 Nbd7 7. cxd5 cxd5 8.
Qb3 Nb6 9. Ne5 Bg7 10. a4 a5 11. Qb5+ Kf8 12. O-O h6 13. Be3 Kg8 14. Rfc1 Be6
15. b4 axb4 16. Qxb4 Nbd7 17. Nxd7 Qxd7 18. Rab1 Kh7 19. Qxb7 Rhd8 20. Qb4 Qa7
21. Ra1 Qa5 22. Qxa5 Rxa5 23. Bd2 Rda8 24. e4 dxe4 25. Nxe4 Nxe4 26. Bxe4 Bxd4
27. Bxa8 Rxa8 28. Bc3 Bc5 29. a5 Bf5 30. Bd2 Bd6 31. a6 Be5 32. Ra5 Bd4 33. Be3
Bxe3 34. fxe3 Ra7 35. Rc3 Kg7 36. Kf2 Bg4 $11 37. e4 Bh3 38. Ke3 Bf1 39. Rc6 e5
40. Rb6 h5 41. h4 Kg8 42. Ra1 Bc4 43. Rc1 Be6 44. Rb8+ Kg7 45. Rc6 Bd7 46. Rb7
 1-0

[Event "II Festival Santa Lucia-Gran Canaria 2014"]
[Site "C/Famara, 76-AA.VV. Ansite de Vecindario (Gran Can"]
[Date "2014.08.15"]
[Round "3"]
[Board "3"]
[White "Mayor Gonzalez, Julio"]
[Black "Gutierrez Olivares, Daniel"]
[Result "0-1"]
[WhiteElo "1919"]
[BlackElo "2331"]
[PlyCount "84"]
[EventDate "2014.08.14"]
[EventRounds "9"]
[EventCountry "ESP"]

1. d4 e6 2. Nf3 Nf6 3. e3 c5 4. Bd3 b6 5. c4 Bb7 6. Nc3 cxd4 7. exd4 d6 8. O-O
Be7 9. Re1 O-O 10. Bf4 Nbd7 11. Rc1 Re8 12. Qe2 Nf8 13. Ne4 Nh5 14. Bd2 Ng6 15.
g3 e5 16. Nfg5 Nf6 17. Nxf6+ Bxf6 18. Qh5 Bxg5 19. Bxg5 Qd7 20. d5 f5 21. f3 b5
22. b3 bxc4 23. bxc4 Ba6 24. Qh3 Rf8 25. Rc2 Qf7 26. Bc1 Bc8 27. Qf1 Qc7 28. c5
e4 29. cxd6 Qxd6 30. Rc6 Qd8 31. Be2 f4 32. Ba3 Rf7 33. d6 Ne5 34. Rc5 Nxf3+
35. Bxf3 exf3 36. Qc4 fxg3 37. Rf1 f2+ 38. Kg2 Bb7+ 39. Kxg3 Qxd6+ 40. Kg4 Bf3+
41. Kh3 Qh6+ 42. Qh4 Bg4+ 0-1

[Event "II Festival Santa Lucia-Gran Canaria 2014"]
[Site "C/Famara, 76-AA.VV. Ansite de Vecindario (Gran Can"]
[Date "2014.08.15"]
[Round "3"]
[Board "4"]
[White "Camino Carrio, Nicanor"]
[Black "Suarez Buceta, Melquiades"]
[Result "1-0"]
[WhiteElo "2054"]
[BlackElo "1669"]
[PlyCount "35"]
[EventDate "2014.08.14"]
[EventRounds "9"]
[EventCountry "ESP"]

1. e4 c5 2. Nf3 Nf6 3. e5 Nd5 4. Bc4 e6 5. O-O Nb6 6. Bd3 Be7 7. b3 O-O 8. Bb2
f6 9. Re1 fxe5 10. Nxe5 Bf6 11. Qh5 g6 12. Bxg6 hxg6 13. Qxg6+ Bg7 14. Ng4 Qe7
15. Re3 Rf4 16. Nh6+ Kf8 17. Rg3 e5 18. Qh7 1-0

[Event "II Festival Santa Lucia-Gran Canaria 2014"]
[Site "C/Famara, 76-AA.VV. Ansite de Vecindario (Gran Can"]
[Date "2014.08.15"]
[Round "3"]
[Board "5"]
[White "Yingrui, Lin"]
[Black "Gonzalez Intelangelo, Gerardo"]
[Result "0-1"]
[WhiteElo "1537"]
[BlackElo "2034"]
[PlyCount "64"]
[EventDate "2014.08.14"]
[EventRounds "9"]
[EventCountry "ESP"]

1. e4 c6 2. d4 d5 3. e5 g6 4. f4 Bg7 5. Nf3 Bg4 6. h3 Bxf3 7. Qxf3 e6 8. Bd3 h5
9. c3 h4 10. Na3 Ne7 11. Be3 Qb6 12. O-O-O Nf5 13. Bf2 Bf8 14. Nc2 Nd7 15. Ne3
Nxe3 16. Bxe3 O-O-O 17. Qf2 c5 18. dxc5 Bxc5 19. Bxc5 Nxc5 20. Qd4 Nxd3+ 21.
Rxd3 Qa6 22. a3 Kb8 23. Rhd1 Rc8 24. Qf2 Rc4 25. Rd4 Qb6 26. Qd2 Rhc8 27. Rxc4
Rxc4 28. Kb1 Qb3 29. Rf1 a6 30. Qc2 Qb5 31. Rf3 Re4 32. Qf2 Re2 0-1

[Event "II Festival Santa Lucia-Gran Canaria 2014"]
[Site "C/Famara, 76-AA.VV. Ansite de Vecindario (Gran Can"]
[Date "2014.08.15"]
[Round "3"]
[Board "6"]
[White "Hernandez Delgado, Christopher"]
[Black "Marrero Cardenes, Agustin"]
[Result "1/2-1/2"]
[WhiteElo "1437"]
[BlackElo "2009"]
[PlyCount "118"]
[EventDate "2014.08.14"]
[EventRounds "9"]
[EventCountry "ESP"]

1. d4 Nf6 2. c4 g6 3. Nc3 Bg7 4. e3 d6 5. Nf3 O-O 6. Be2 Nbd7 7. O-O e5 8. Qc2
c6 9. Rd1 Qc7 10. b3 Ne8 11. Bb2 f5 12. dxe5 Nxe5 13. Rd2 Nf7 14. Rad1 Bd7 15.
Na4 Rd8 16. Bxg7 Kxg7 17. Nc3 Nf6 18. Bf1 Be6 19. Ne2 Ne5 20. Ned4 Bg8 21. Nxe5
dxe5 22. Ne2 Be6 23. Nc3 Kf7 24. Be2 Ke7 25. Qb2 Rxd2 26. Rxd2 Rd8 27. Qa3+ Kf7
28. Qb2 Ke7 29. Qa3+ Kf7 30. Qb2 Rd7 31. Kf1 e4 32. g3 Qd8 33. Ke1 h5 34. h4
Ng4 35. Bxg4 hxg4 36. Rxd7+ Qxd7 37. Qd2 b5 38. Qxd7+ Bxd7 39. cxb5 cxb5 40. b4
Ke6 41. Kd2 Kd6 42. Ne2 Be6 43. a3 a6 44. Kc3 Ke5 45. Nf4 Bf7 46. Kb2 Be8 47.
Kc3 Bf7 48. Ne2 Be8 49. Nc1 Bf7 50. Nb3 Bxb3 51. Kxb3 Kd5 52. Kc3 Ke5 53. Kc2
Kd5 54. Kb3 Ke5 55. a4 bxa4+ 56. Kxa4 Kd5 57. b5 axb5+ 58. Kxb5 Kd6 59. Kb4 Kd5
 1/2-1/2

[Event "II Festival Santa Lucia-Gran Canaria 2014"]
[Site "C/Famara, 76-AA.VV. Ansite de Vecindario (Gran Can"]
[Date "2014.08.15"]
[Round "3"]
[Board "7"]
[White "Natalicchio Escalante, Nicolas"]
[Black "Diaz Mendoza, Eladio"]
[Result "1-0"]
[WhiteElo "2238"]
[BlackElo "1540"]
[PlyCount "135"]
[EventDate "2014.08.14"]
[EventRounds "9"]
[EventCountry "ESP"]

1. e4 e6 2. d3 Ne7 3. Nf3 d6 4. g3 Nd7 5. Bg2 Ng6 6. O-O Be7 7. Nbd2 b6 8. Qe2
Bb7 9. a4 O-O 10. h4 f6 11. Nd4 Nc5 12. b4 e5 13. Nf5 Ne6 14. Qg4 Nd4 15. h5
Nxf5 16. hxg6 Nd4 17. c3 Bc8 18. gxh7+ Kh8 19. Qh5 Ne6 20. Nf3 Qe8 21. Qh2 g5
22. Bh3 Rf7 23. Bf5 Rg7 24. Be3 Nf8 25. g4 Bxf5 26. gxf5 Rxh7 27. Qg3 Qh5 28.
Kg2 g4 29. Nh2 Qh3+ 30. Qxh3 gxh3+ 31. Kg3 Nd7 32. Rh1 Rg8+ 33. Ng4 h2 34. f3
Rgg7 35. Ra2 c5 36. Raxh2 Rxh2 37. Rxh2+ Rh7 38. Nh6 Kg7 39. Rh4 Kf8 40. Rg4
Rg7 41. Rg6 cxb4 42. cxb4 a5 43. bxa5 bxa5 44. Kg4 Nb8 45. Bb6 Nc6 46. Kh5 Nb4
47. Bxa5 Nxd3 48. Bd2 Nc5 49. a5 Bd8 50. Bb4 Bc7 51. Bxc5 dxc5 52. Rxf6+ Ke7
53. Rc6 Kd7 54. Rxc5 Rg3 55. Ng4 Kd6 56. Rd5+ Kc6 57. Nxe5+ Kb7 58. f6 Rg8 59.
f7 Rf8 60. Kg6 Ka6 61. Kg7 Rc8 62. f8=Q Rxf8 63. Kxf8 Bxa5 64. Nc6 Bc7 65. Nb4+
Kb7 66. Ke8 Bf4 67. Kd7 Kb6 68. Nc6 1-0

[Event "II Festival Santa Lucia-Gran Canaria 2014"]
[Site "C/Famara, 76-AA.VV. Ansite de Vecindario (Gran Can"]
[Date "2014.08.15"]
[Round "3"]
[Board "8"]
[White "Fuentes Perez, Noe"]
[Black "Garcia Gonzalez, Emilio Angel"]
[Result "0-1"]
[WhiteElo "1518"]
[BlackElo "2075"]
[PlyCount "40"]
[EventDate "2014.08.14"]
[EventRounds "9"]
[EventCountry "ESP"]

1. e4 e6 2. d4 d5 3. Nc3 Nf6 4. e5 Nfd7 5. f4 c5 6. Nf3 Nc6 7. Be3 a6 8. a4 Qb6
9. Be2 cxd4 10. Bxd4 Nxd4 11. a5 Nxf3+ 12. Bxf3 Qe3+ 13. Ne2 Bc5 14. Rf1 O-O
15. Rb1 Bb4+ 16. c3 Bxa5 17. b4 Bc7 18. c4 dxc4 19. Bxb7 Bxb7 20. Qxd7 Rac8 0-1

[Event "II Festival Santa Lucia-Gran Canaria 2014"]
[Site "C/Famara, 76-AA.VV. Ansite de Vecindario (Gran Can"]
[Date "2014.08.15"]
[Round "3"]
[Board "9"]
[White "Biscarri Candalia, Oscar"]
[Black "Martin Perez, Francisco Jose"]
[Result "0-1"]
[WhiteElo "1485"]
[BlackElo "1870"]
[PlyCount "36"]
[EventDate "2014.08.14"]
[EventRounds "9"]
[EventCountry "ESP"]

1. d4 d5 2. c4 e6 3. Nc3 Nf6 4. Bg5 Nbd7 5. e3 Be7 6. Nf3 O-O 7. Qc2 h6 8. Bh4
b6 9. cxd5 exd5 10. Bd3 Bb7 11. O-O-O Ne4 12. Bxe7 Qxe7 13. Bxe4 dxe4 14. Nd2
f5 15. Kb1 c5 16. d5 Ne5 17. Nb3 Nd3 18. a3 c4 0-1

[Event "II Festival Santa Lucia-Gran Canaria 2014"]
[Site "C/Famara, 76-AA.VV. Ansite de Vecindario (Gran Can"]
[Date "2014.08.15"]
[Round "3"]
[Board "10"]
[White "Agejas Garcia, Diego"]
[Black "Cruz Ramirez, Nauzet"]
[Result "0-1"]
[WhiteElo "1391"]
[BlackElo "1820"]
[PlyCount "58"]
[EventDate "2014.08.14"]
[EventRounds "9"]
[EventCountry "ESP"]

1. d4 Nf6 2. Nf3 c5 3. e3 e6 4. c4 Be7 5. Bd3 O-O 6. O-O b6 7. b3 Bb7 8. Nbd2
Na6 9. a3 d5 10. Bb2 Ne4 11. Qc2 f5 12. Ne5 cxd4 13. Bxd4 Nac5 14. cxd5 Nxd2
15. Qxd2 Nxb3 16. Qa2 Bxd5 17. Bc4 Nxa1 18. Bxd5 Qxd5 19. Qxa1 Bf6 20. Rd1 Rad8
21. f4 Bxe5 22. fxe5 f4 23. Rd2 Qe4 24. Qa2 fxe3 25. Qxe6+ Kh8 26. Rd1 e2 27.
Re1 Qxd4+ 28. Kh1 Rf1+ 29. Rxf1 exf1=R# 0-1

[Event "II Festival Santa Lucia-Gran Canaria 2014"]
[Site "C/Famara, 76-AA.VV. Ansite de Vecindario (Gran Can"]
[Date "2014.08.15"]
[Round "3"]
[Board "11"]
[White "Ruiz Romero, Pedro"]
[Black "Sanchez Gonzalez, Jesus German"]
[Result "1/2-1/2"]
[WhiteElo "1802"]
[BlackElo "1515"]
[PlyCount "35"]
[EventDate "2014.08.14"]
[EventRounds "9"]
[EventCountry "ESP"]

1. e4 e5 2. Nf3 Nc6 3. Bc4 Bc5 4. c3 Nf6 5. d4 exd4 6. cxd4 Bb4+ 7. Bd2 Bxd2+
8. Nbxd2 d6 9. O-O O-O 10. Bd3 Re8 11. h3 Nh5 12. a3 Nf4 13. Bb1 Qf6 14. Nc4
Nxd4 15. Nxd4 Qxd4 16. Qc2 Qf6 17. e5 Qh6 18. Re1 1/2-1/2

[Event "II Festival Santa Lucia-Gran Canaria 2014"]
[Site "C/Famara, 76-AA.VV. Ansite de Vecindario (Gran Can"]
[Date "2014.08.15"]
[Round "3"]
[Board "12"]
[White "Henriquez Cazorla, Alejandro"]
[Black "Quintana Marrero, Pedro"]
[Result "0-1"]
[WhiteElo "1333"]
[BlackElo "1729"]
[PlyCount "46"]
[EventDate "2014.08.14"]
[EventRounds "9"]
[EventCountry "ESP"]

1. e4 e5 2. Nf3 Nc6 3. d4 exd4 4. Bc4 Nf6 5. e5 Ne4 6. c3 d5 7. exd6 Nxd6 8.
Qe2+ Qe7 9. Qxe7+ Bxe7 10. Bb3 dxc3 11. Nxc3 O-O 12. Bf4 Bg4 13. Ne5 Nxe5 14.
Bxe5 Rfe8 15. h3 Bd7 16. O-O-O Bg5+ 17. f4 Rxe5 18. fxg5 Rxg5 19. Nd5 Kf8 20.
Rd2 Ne4 21. Rd4 Nc5 22. Bc2 Ne6 23. Ne3 Rg3 0-1